[Event "Titled Tuesday intern op 18th Jul Late"]
[Site "Chess.com INT"]
[Date "2023.07.18"]
[Round "2"]
[White "Topalov, Aleksandar"]
[Black "Velasco, Santiago"]
[Result "1-0"]
[WhiteElo "2233"]
[BlackElo "2315"]
[PlyCount "68"]
[EventDate "2023.07.18"]
[EventType "swiss (blitz)"]
[EventRounds "11"]
[EventCountry "USA"]
[SourceTitle "EXT 2024"]
[Source "ChessBase"]
[SourceDate "2023.10.10"]
[SourceVersion "1"]
[SourceVersionDate "2023.10.10"]
[SourceQuality "1"]

1. b3 Nf6 2. Bb2 g6 3. Bxf6 exf6 4. c4 d5 5. cxd5 Qxd5 6. e3 c6 7. Nf3 a5 8. Nc3 Qd8 9. a3 Na6 10. d4 Nc7 11. Be2 f5 12. 0-0 Be7 13. Qc2 0-0 14. Na4 Be6 15. Nc5 Bxc5 16. dxc5 a4 17. b4 Qf6 18. Nd4 Bd5 19. g3 Ne6 20. Rad1 Nxd4 21. Rxd4 Bb3 22. Qd2 h5 23. Rd6 Qe7 24. Bd1 Bd5 25. h4 Rfe8 26. Qd4 b6 27. Bc2 bxc5 28. Qxc5 Kh7 29. Rd1 Red8 30. R6xd5 Qxc5 31. Rxc5 Rxd1+ 32. Bxd1 Rd8 33. Bxa4 Rd3 34. Bxc6 Rxa3 1-0

[Event "FRA-chT2 1011"]
[Site "France"]
[Date "2010.11.14"]
[Round "3.3"]
[White "Rihouay, Clement"]
[Black "Velasco, Santiago"]
[Result "1/2-1/2"]
[WhiteElo "2230"]
[BlackElo "2287"]
[PlyCount "92"]
[EventDate "2010.10.17"]
[EventType "team-tourn"]
[EventRounds "11"]
[EventCountry "FRA"]
[SourceTitle "EXT 2012"]
[Source "ChessBase"]
[SourceDate "2011.11.24"]
[SourceVersion "1"]
[SourceVersionDate "2011.11.24"]
[SourceQuality "1"]

1. e4 e5 2. Nf3 Nf6 3. Nxe5 d6 4. Nf3 Nxe4 5. c4 Be7 6. Nc3 Nxc3 7. dxc3 0-0 8. Bd3 Re8 9. Be3 Nd7 10. Qc2 g6 11. 0-0-0 Bf6 12. h4 Ne5 13. Nxe5 Bxe5 14. h5 Qf6 15. hxg6 hxg6 16. Rh6 Bf4 17. Bxf4 Qxf4+ 18. Qd2 Qxd2+ 19. Rxd2 Re1+ 20. Rd1 Rxd1+ 21. Kxd1 Bg4+ 22. Be2 Bh5 23. g4 Kg7 24. g5 Bxe2+ 25. Kxe2 Re8+ 26. Kd3 f6 27. Rh3 fxg5 28. b3 Re5 29. f3 Re1 30. Rh2 Rg1 31. Re2 Kf6 32. Rh2 Re1 33. Rh8 Re7 34. Ra8 a6 35. Rb8 c6 36. Rd8 Ke5 37. Ke3 Ke6 38. Kf2 Rd7 39. Rb8 d5 40. cxd5+ Kxd5 41. Rg8 Rd6 42. Rb8 b5 43. Rb6 a5 44. Ra6 Kc5 45. Ke3 Re6+ 46. Kd3 Rd6+ 1/2-1/2

[Event "FRA-chT2 0910"]
[Site "France"]
[Date "2009.12.13"]
[Round "6.3"]
[White "Velasco, Santiago"]
[Black "Gladyszev, Oleg"]
[Result "1/2-1/2"]
[WhiteElo "2279"]
[BlackElo "2472"]
[PlyCount "99"]
[EventDate "2009.09.27"]
[EventType "team-tourn"]
[EventRounds "11"]
[EventCountry "FRA"]
[SourceTitle "EXT 2011"]
[Source "ChessBase"]
[SourceDate "2010.11.26"]
[SourceVersion "1"]
[SourceVersionDate "2010.11.26"]
[SourceQuality "1"]

1. e4 c5 2. Nf3 Nc6 3. d4 cxd4 4. Nxd4 Nf6 5. Nc3 e5 6. Ndb5 d6 7. Bg5 a6 8. Na3 b5 9. Nd5 Be7 10. Bxf6 Bxf6 11. c4 b4 12. Nc2 a5 13. Be2 0-0 14. 0-0 Bg5 15. Qd3 Ne7 16. Rad1 Bb7 17. Nce3 Nxd5 18. Nxd5 Qb8 19. Bf3 Bxd5 20. Qxd5 Be7 21. Bg4 Qc7 22. g3 a4 23. h4 b3 24. a3 Ra5 25. Qd3 Rc5 26. Rc1 Rb8 27. Rfd1 Rb6 28. Qe3 Rbc6 29. Be2 Bd8 30. Rd2 Qe7 31. Rcd1 Bb6 32. Qg5 Kf8 33. Qxe7+ Kxe7 34. Kf1 Ra5 35. Bd3 Bd4 36. Ke2 Kd8 37. Rh1 Ra7 38. h5 h6 39. f4 Ke7 40. Kf3 exf4 41. gxf4 Ra8 42. Be2 Bf6 43. Ke3 Rc5 44. Rg1 Kf8 45. Rh1 Bd8 46. Bd3 Bb6 47. Kf3 Raa5 48. Be2 Ke7 49. Bd3 Rc6 50. Kg4 1/2-1/2

[Event "FRA-chT2 0910"]
[Site "France"]
[Date "2009.11.22"]
[Round "4.3"]
[White "Vatter, Hans Joachim"]
[Black "Velasco, Santiago"]
[Result "1-0"]
[WhiteElo "2321"]
[BlackElo "2168"]
[PlyCount "45"]
[EventDate "2009.09.27"]
[EventType "team-tourn"]
[EventRounds "11"]
[EventCountry "FRA"]
[SourceTitle "EXT 2011"]
[Source "ChessBase"]
[SourceDate "2010.11.26"]
[SourceVersion "1"]
[SourceVersionDate "2010.11.26"]
[SourceQuality "1"]

1. e4 e5 2. Nf3 Nc6 3. Bc4 Bc5 4. c3 Nf6 5. d3 h6 6. Bb3 d5 7. Qe2 0-0 8. 0-0 Re8 9. exd5 Nxd5 10. d4 Bf8 11. dxe5 Nb6 12. Bf4 Qe7 13. Nbd2 Bf5 14. Ne4 Bg4 15. h3 Bxf3 16. Qxf3 a5 17. a4 Kh8 18. Rfe1 Nxe5 19. Bxe5 Qxe5 20. Qxf7 Qe7 21. Ng3 Qg5 22. h4 Qxh4 23. Nf5 1-0

[Event "Olympiad-38"]
[Site "Dresden"]
[Date "2008.11.20"]
[Round "7"]
[White "Lima, Darcy Gustavo Macha"]
[Black "Velasco, Santiago"]
[Result "1-0"]
[WhiteElo "2488"]
[BlackElo "2287"]
[PlyCount "69"]
[EventDate "2008.11.13"]
[EventType "team-swiss"]
[EventRounds "11"]
[EventCountry "GER"]
[SourceTitle "CBM 128"]
[Source "ChessBase"]
[SourceDate "2009.01.28"]
[SourceVersion "1"]
[SourceVersionDate "2009.01.28"]
[SourceQuality "1"]
[WhiteTeam "Brazil"]
[BlackTeam "Puerto Rico"]
[WhiteTeamCountry "BRA"]
[BlackTeamCountry "PUR"]

1. g3 e5 2. Bg2 f5 3. c4 Nf6 4. Nc3 Nc6 5. d3 d6 6. e4 Be7 7. Nge2 0-0 8. h3 Be6 9. exf5 Bxf5 10. g4 Bg6 11. f4 Nd7 12. 0-0 exf4 13. Nxf4 Bf7 14. Ncd5 Nb6 15. Be3 Bg5 16. Qd2 Qd7 17. Nh5 Bxe3+ 18. Qxe3 Nxd5 19. cxd5 Ne5 20. Nf4 Rfe8 21. Qg3 c5 22. Be4 Qa4 23. Rf2 c4 24. d4 Nd7 25. Ne6 Nf8 26. Rxf7 Kxf7 27. Qxd6 Kg8 28. Rf1 Nxe6 29. dxe6 Rf8 30. Bf3 Rf6 31. g5 Rf5 32. e7 Rxg5+ 33. Kh1 h6 34. Bd5+ Kh7 35. Be4+ 1-0

[Event "Olympiad-38"]
[Site "Dresden"]
[Date "2008.11.14"]
[Round "2"]
[White "Velasco, Santiago"]
[Black "Bachmann, Axel"]
[Result "1-0"]
[WhiteElo "2287"]
[BlackElo "2555"]
[PlyCount "131"]
[EventDate "2008.11.13"]
[EventType "team-swiss"]
[EventRounds "11"]
[EventCountry "GER"]
[SourceTitle "CBM 128"]
[Source "ChessBase"]
[SourceDate "2009.01.28"]
[SourceVersion "1"]
[SourceVersionDate "2009.01.28"]
[SourceQuality "1"]
[WhiteTeam "Puerto Rico"]
[BlackTeam "Paraguay"]
[WhiteTeamCountry "PUR"]
[BlackTeamCountry "PAR"]

1. e4 c5 2. Nf3 e6 3. d4 cxd4 4. Nxd4 a6 5. Nc3 Qc7 6. Be3 Nf6 7. Bd3 b5 8. a3 Bb7 9. 0-0 Nc6 10. Nxc6 Bxc6 11. f4 d6 12. Qe1 Be7 13. Qg3 h5 14. Rae1 h4 15. Qh3 Nd7 16. Bd4 Bf6 17. Bxf6 gxf6 18. Nd5 Qa7+ 19. Kh1 Rc8 20. c3 Bb7 21. Ne3 Ke7 22. Bc2 Rcg8 23. Re2 Qa8 24. Ng4 Nc5 25. Rfe1 Bxe4 26. Bxe4 Nxe4 27. Nxf6 Rg3 28. hxg3 Nxg3+ 29. Kh2 Nxe2 30. Qg4 Nxf4 31. Qxf4 Qd8 32. Qg5 Qb8 33. Nd5+ Kd7 34. Qe7+ Kc6 35. Nb4+ Kb6 36. Qxf7 a5 37. Qf2+ Kb7 38. Nc2 e5 39. a4 bxa4 40. Re4 Qg8 41. Qf3 Qg3+ 42. Qxg3 hxg3+ 43. Kxg3 Kc6 44. Rxa4 Rb8 45. b4 axb4 46. Rxb4 Ra8 47. Kf3 d5 48. Ke3 Rg8 49. g4 Rh8 50. Kd3 Kc5 51. Rb7 Rh3+ 52. Kd2 Rh2+ 53. Kc1 Kc4 54. Rc7+ Kd3 55. Nb4+ Ke4 56. Re7 Rg2 57. Rd7 d4 58. c4 Rg3 59. Kb2 Rxg4 60. c5 Rg2+ 61. Kb3 Rg3+ 62. Ka4 Rc3 63. Kb5 Rc1 64. c6 Ke3 65. c7 e4 66. Nc6 1-0

[Event "PUR-ch"]
[Site "Caguas"]
[Date "2008.07.18"]
[Round "4"]
[White "Velasco, Santiago"]
[Black "Machin, Mark"]
[Result "1/2-1/2"]
[WhiteElo "2270"]
[BlackElo "2184"]
[PlyCount "95"]
[EventDate "2008.07.11"]
[EventType "tourn"]
[EventRounds "11"]
[EventCountry "PUR"]
[SourceTitle "EXT 2009"]
[Source "ChessBase"]
[SourceDate "2008.11.26"]
[SourceVersion "1"]
[SourceVersionDate "2008.11.26"]
[SourceQuality "1"]

1. d4 Nf6 2. Nc3 d5 3. Bg5 Bf5 4. e3 e6 5. Nf3 Be7 6. Bd3 Bg6 7. Ne5 Nbd7 8. Nxg6 hxg6 9. Qe2 a6 10. 0-0-0 c5 11. dxc5 Nxc5 12. Kb1 Qb6 13. Ka1 Rc8 14. h4 Qb4 15. Qd2 Nfe4 16. Bxe4 Bxg5 17. hxg5 Rxh1 18. Rxh1 Nxe4 19. Nxe4 Qxe4 20. Rh8+ Kd7 21. Rxc8 Kxc8 22. f3 Qh4 23. b3 Qxg5 24. Qc3+ Kb8 25. Qc5 Qd8 26. Kb1 g5 27. a4 g6 28. Qd4 Qc7 29. Qf6 Qg3 30. Qxf7 Qe1+ 31. Kb2 Qxe3 32. Qxg6 Ka7 33. Qg7 e5 34. Qc7 Qd4+ 35. Qc3 Qxc3+ 36. Kxc3 a5 37. Kd3 Kb6 38. c3 Kc5 39. g3 b5 40. axb5 Kxb5 41. Kc2 a4 42. bxa4+ Kxa4 43. Kb2 Kb5 44. Kb3 Kc5 45. Kc2 Kc4 46. Kd2 Kb5 47. Kc2 Kc5 48. Kd3 1/2-1/2

[Event "PUR-ch"]
[Site "Caguas"]
[Date "2008.07.13"]
[Round "3"]
[White "Bermudez Adams, William"]
[Black "Velasco, Santiago"]
[Result "0-1"]
[WhiteElo "2211"]
[BlackElo "2270"]
[PlyCount "56"]
[EventDate "2008.07.11"]
[EventType "tourn"]
[EventRounds "11"]
[EventCountry "PUR"]
[SourceTitle "EXT 2009"]
[Source "ChessBase"]
[SourceDate "2008.11.26"]
[SourceVersion "1"]
[SourceVersionDate "2008.11.26"]
[SourceQuality "1"]

1. e4 c5 2. f4 d5 3. Nc3 d4 4. Nce2 Nf6 5. d3 Nc6 6. Nf3 g6 7. Bd2 Bg7 8. Qc1 0-0 9. h3 b6 10. f5 gxf5 11. exf5 Bxf5 12. g4 Bg6 13. Bg2 Rc8 14. 0-0 c4 15. dxc4 d3 16. Nf4 dxc2 17. Nxg6 hxg6 18. Bc3 Qd3 19. g5 Ne4 20. Bxg7 Kxg7 21. Re1 Ng3 22. Kf2 Nf5 23. b3 Rfd8 24. Qb2+ Kg8 25. Rac1 Ncd4 26. Nxd4 Qg3+ 27. Kf1 Rxd4 28. Rxe7 Rd1+ 0-1

[Event "Olympiad-37"]
[Site "Turin"]
[Date "2006.05.31"]
[Round "10"]
[White "Chavez, Ricardo Ernesto"]
[Black "Velasco, Santiago"]
[Result "0-1"]
[WhiteElo "2220"]
[BlackElo "2281"]
[PlyCount "88"]
[EventDate "2006.05.21"]
[EventType "team-swiss"]
[EventRounds "13"]
[EventCountry "ITA"]
[SourceTitle "CBM 113"]
[Source "ChessBase"]
[SourceDate "2006.07.31"]
[SourceVersion "1"]
[SourceVersionDate "2006.07.31"]
[SourceQuality "1"]
[WhiteTeam "El Salvador"]
[BlackTeam "Puerto Rico"]
[WhiteTeamCountry "ESA"]
[BlackTeamCountry "PUR"]

1. e4 c5 2. d3 Nc6 3. g3 g6 4. Bg2 Bg7 5. f4 d6 6. Nf3 e5 7. 0-0 Nge7 8. c3 0-0 9. Na3 Rb8 10. Be3 exf4 11. Bxf4 b5 12. Qd2 Ne5 13. Nc2 c4 14. d4 Nd3 15. Bh6 Nxb2 16. Nb4 Na4 17. Bxg7 Kxg7 18. a3 a5 19. Nd5 Nxd5 20. exd5 Rb7 21. Rf2 h6 22. Nh4 f5 23. Rb1 Rff7 24. Bf1 Qe8 25. Ng2 Rfe7 26. h4 Kh7 27. Kh2 Re4 28. Be2 Nxc3 29. Qxc3 Rxe2 30. Rxe2 Qxe2 31. Qxa5 f4 32. gxf4 Bh3 33. Rg1 Bxg2 34. Rxg2 Qe4 35. Qd2 Rf7 36. Kg3 Qxd5 37. Re2 Qf5 38. Qe3 h5 39. Qf3 c3 40. Re3 c2 41. Rc3 Kh6 42. Rc6 Re7 43. Rc3 Re1 44. Qc6 Qg4+ 0-1

[Event "IECG CB.2005.0.00133 email"]
[Site "IECG email"]
[Date "2005.03.16"]
[Round "?"]
[White "Velasco, Santiago"]
[Black "Krebs, Hans Joachim"]
[Result "1/2-1/2"]
[WhiteElo "1892"]
[BlackElo "1877"]
[PlyCount "41"]
[EventDate "2005.03.16"]
[EventType "tourn (corr)"]
[EventRounds "6"]
[SourceTitle "Corr 2008"]
[Source "ChessBase"]
[SourceDate "2008.06.24"]
[SourceVersion "1"]
[SourceVersionDate "2008.06.24"]
[SourceQuality "1"]

1. e4 e5 2. Nf3 Nf6 3. Nxe5 d6 4. Nf3 Nxe4 5. d4 d5 6. Bd3 Nc6 7. 0-0 Be7 8. c4 Nb4 9. Be2 0-0 10. Nc3 Be6 11. Be3 Bf5 12. Rc1 dxc4 13. Bxc4 c6 14. Ne5 Nxc3 15. bxc3 Nd5 16. Qf3 Be6 17. Bd2 f6 18. Ng4 Qd7 19. h3 b5 20. Bb3 a5 21. Rfe1 1/2-1/2

[Event "Internet Section 10A g/8'+2\""]
[Site "Dos Hermanas"]
[Date "2004.03.10"]
[Round "3"]
[White "Murzin, Lenar"]
[Black "Velasco, Santiago"]
[Result "0-1"]
[WhiteElo "2244"]
[BlackElo "2286"]
[PlyCount "104"]
[EventDate "2004.03.10"]
[EventType "swiss (blitz)"]
[EventRounds "9"]
[EventCountry "ESP"]
[SourceTitle "EXT 2005"]
[Source "ChessBase"]
[SourceDate "2004.11.15"]
[SourceVersion "1"]
[SourceVersionDate "2004.11.15"]
[SourceQuality "1"]

1. d4 Nf6 2. c4 c6 3. Nc3 d5 4. Nf3 e6 5. e3 Nbd7 6. Bd3 dxc4 7. Bxc4 b5 8. Bd3 a6 9. e4 c5 10. e5 cxd4 11. Nxb5 axb5 12. exf6 gxf6 13. 0-0 Qb6 14. Be4 Bb7 15. Bxb7 Qxb7 16. Nxd4 Rg8 17. Qf3 Qxf3 18. Nxf3 f5 19. Bf4 Bg7 20. Rfb1 Ra4 21. Bd2 b4 22. Be3 Ke7 23. Bd4 e5 24. Re1 f6 25. b3 Ra6 26. Nh4 Ke6 27. Re2 Bf8 28. Rc1 Rg4 29. Nf3 Re4 30. Rce1 Bc5 31. Bxc5 Nxc5 32. g3 Rxe2 33. Rxe2 Ne4 34. Kg2 Nc3 35. Rd2 Rxa2 36. Rd8 Rb2 37. Re8+ Kf7 38. Rb8 Rxb3 39. Nh4 Ne4 40. Nxf5 Rb2 41. Rb7+ Ke6 42. g4 Rxf2+ 43. Kg1 Rf4 44. h3 Ng5 45. Kg2 Re4 46. Rb6+ Kd7 47. Rxf6 Kc7 48. Ng3 Rc4 49. Rf5 Rc2+ 50. Kf1 b3 51. Rxg5 b2 52. Rg7+ Kb8 0-1

[Event "Internet Section 10A g/8'+2\""]
[Site "Dos Hermanas"]
[Date "2004.03.10"]
[Round "6"]
[White "Velasco, Santiago"]
[Black "Zhang, Pengxiang"]
[Result "0-1"]
[WhiteElo "2286"]
[BlackElo "2567"]
[PlyCount "82"]
[EventDate "2004.03.10"]
[EventType "swiss (blitz)"]
[EventRounds "9"]
[EventCountry "ESP"]
[SourceTitle "EXT 2005"]
[Source "ChessBase"]
[SourceDate "2004.11.15"]
[SourceVersion "1"]
[SourceVersionDate "2004.11.15"]
[SourceQuality "1"]

1. e4 c6 2. d4 d5 3. Nd2 dxe4 4. Nxe4 Bf5 5. Ng3 Bg6 6. h4 h6 7. Nf3 Nd7 8. h5 Bh7 9. Bd3 Bxd3 10. Qxd3 e6 11. Bf4 Bb4+ 12. c3 Be7 13. Ne4 Ngf6 14. Nd6+ Bxd6 15. Bxd6 Qa5 16. Ba3 0-0-0 17. Be7 Rde8 18. Bxf6 gxf6 19. b4 Qc7 20. b5 cxb5 21. 0-0 Qc4 22. Qc2 Reg8 23. Nd2 Qe2 24. Rfe1 Rxg2+ 25. Kxg2 Rg8+ 26. Qg6 Rxg6+ 27. hxg6 Qxd2 28. gxf7 Qg5+ 29. Kf3 Qh5+ 30. Ke3 Qxf7 31. Rg1 e5 32. Rg2 Kc7 33. a4 Qc4 34. Rc1 exd4+ 35. Kd2 Nc5 36. Rg7+ Kb6 37. a5+ Ka6 38. Rc2 Nb3+ 39. Kd1 Qd3+ 40. Ke1 Qxc2 41. cxd4 Nxd4 0-1